Pokémon apparenté aux Lépidoptères (Papillons) - Statistiques

Statistiques générales
  • Ce quiz a été pris 18 fois
  • Le résultat moyen est 17 sur 24
Statistiques - réponses
Réponse % Correct
Aeromite
100%
Papilusion
100%
Charmillon
94%
Papinox
94%
Armulys
88%
Blindalys
88%
Chenipan
88%
Chenipotte
88%
Cheniselle
88%
Cheniti
88%
Mimitoss
88%
Papilord
88%
Prismillon
88%
Chrysacier
81%
Lépidonille
75%
Pérégrain
69%
Beldeneige
56%
Frissonille
50%
Pyrax
38%
Pyronille
38%
Maskadra
31%
Mite-de-Fer
25%
Rampe-Ailes
19%
Pomdepik
13%
Aucun quiz correspondant
Distribution des résultats
% des personnes avec chaque résultat
Percentile par nombre de réponses
Votre historique - résultats
Vous n’avez pas pris ce quiz